000
00328nam a2200133Ia 4500
008
240624s9999 xx 000 0 und d
041
_a
eng
082
_a
658.827 KEO
100
_a
KEOHANE KEVIN
245
_a
BRAND AND TALENT
260
_c
2014
_a
London
_b
Kogan Page
300
_a
xvii, : 220 : p. : cm. ; 23
365
_c
BPS
_b
30
999
_c
27658
_d
27658